Lil Wayne Albums - Statistics

General Stats
  • This quiz has been taken 84 times
    58 since last reset
  • The average score is 9 of 14
Answer Stats
Release Date Album % Correct
June 22, 2004 Tha Carter
100%
December 6, 2005 Tha Carter II
100%
June 10, 2008 Tha Carter III
100%
August 29, 2011 Tha Carter IV
100%
September 27, 2018 Tha Carter V
100%
June 6, 2025 Tha Carter VI
98%
November 2, 1999 Tha Block Is Hot
52%
September 27, 2010 I Am Not A Human Being
50%
February 2, 2010 Rebirth
50%
January 31, 2020 Funeral
48%
March 26, 2013 I Am Not A Human Being 2
43%
July 23, 2002 500 Degreez
39%
July 4, 2015 Free Weezy Album
35%
December 19, 2000 Lights Out
30%
No matching quizzes found
Score Distribution
Percent of People with Each Score
Percentile by Number Answered
Your Score History
You have not taken this quiz since the last reset